| 000 | 01030cam a2200217 4500 | ||
|---|---|---|---|
| 001 | WB4004-16 | ||
| 008 | 040129n2004 000 0 eng u | ||
| 035 | _a(Sirsi) u124962 | ||
| 245 | _aDiversification in farming on the increase | ||
| 260 | _c2004 | ||
| 490 |
_aDEFRA News Release _v(24/04) 29 January 2004 (2) |
||
| 520 | _aA new study from DEFRA shows that diversification earnings in England exceeded £100 m for the first time. The "Farm business survey" also found that over half of full-time farmers have diversified and that average earnings in 2002/03 from diversification were £1 800 per farm, a rise of 30% on the previous year. Information on diversification from various sources can be found at http://statistics.defra.gov.uk/esg/reports/divagri .pdf. http://www.defra.gov.uk/news/latest/2004/farm-0104 .htm | ||
| 590 | _aWB | ||
| 590 | _aWB | ||
| 650 | _aDIVERSIFICATION | ||
| 650 | _aFARMS | ||
| 650 | _aFARM INCOME | ||
| 650 | _aENGLAND | ||
| 690 | _aRURAL-FARM BUSINESS MANAGEMENT | ||
| 942 | _n0 | ||
| 999 |
_c116976 _d116976 |
||